000 00674nam a2200181Ia 4500
008 100920s9999 xx 000 0 und d
082 _b58072
_a410 थ 91
100 _aव्यवहारे शरद.
245 _aलोकवाङ्रमय रूप - स्वरूप.
260 _bसाहित्य सेवा प्रकाशन, औरंगाबाद.
_c1991
300 _a232
_bसाधी
365 _b100
520 _aभाषा.
630 _aलोकवाङ्रमय रूप - स्वरूप.
650 _aभाषा.
730 _aलोकवाङ्रमय रूप - स्वरूप.
942 _cBOOK
999 _c701807
_d701804